Statistics for M Answers Quiz #1

Click here to take the quiz!

General Stats

  • This quiz has been taken 47,927 times
  • The average score is 16 of 24

Answer Stats

Clue Answer % Correct
Smallest planetMercury
96%
Capital of SpainMadrid
94%
"Like a Virgin" singerMadonna
90%
Kermit or Elmo, for exampleMuppet
89%
Islam's holiest cityMecca
86%
Borough of New York CityManhattan
84%
Second biggest city in AustraliaMelbourne
83%
Genghis's homelandMongolia
77%
BombayMumbai
74%
Shakespeare play set in ScotlandMacbeth
71%
Gasoline bomb "cocktail"Molotov
70%
Largest island in the Indian OceanMadagascar
67%
Japanese comic book styleManga
66%
First name of trumpeter DavisMiles
63%
Illegal liquor also called "white lightning"Moonshine
62%
Indigenous people of New ZealandMāori
59%
Jaw boneMandible
57%
Makers of the Firefox browserMozilla
57%
Record label of the Supremes and TemptationsMotown
52%
What quinine is used to treatMalaria
48%
NearsightednessMyopia
41%
Former Soviet space stationMir
39%
Gandhi's first nameMohandas
38%
Major river of IndochinaMekong
34%

Score Distribution

Percentile by Number Answered

Percent of People with Each Score

Your Score History

You have not taken this quiz